• 首页
  • 本馆介绍
  • 公告通知
  • 最新文献
  • 馆藏检索
  • 电子资源
  • 读者导购
  • 参考咨询
  • 我的图书馆
  • 登录
  • 期刊详细显示
  • 现刊情况显示
  • 合订本情况显示
  • 篇目信息显示

期刊信息

  • 表格格式
  • 工作单格式
  • 卡片格式
索取号 
O1/DM
题名 
Discrete Mathematical
作者 
Peter L. Hammer
分册号 
分册名 
出版地 
出版者 
North-Holland
标准刊号 
0012-365X
出版频率 
月刊
中图法分类 
O1
主题词 
数学
电子资源 
000 00416nas0 2200181 45
001 0735815436
005 20140923145350.15
011    @a0012-365X
100    @a20070415d km y0chiy0120 ea
101 0  @aeng
200 1  @aDiscrete Mathematical@fPeter L. Hammer
210    @cNorth-Holland
326    @a月刊
606 0  @a数学
690    @aO1@v4
701  0 @aPeter L. Hammer
801  0 @aCN@bPFT@c20070415
905    @dO1@eDM
    
    Discrete Mathematical/Peter L. Hammer.-North-Holland
    
    
    
    ISSN 0012-365X
    
●
相关链接: 在易读查询期刊 在中国知网中查询期刊 在万方数据查询期刊 在维普查询期刊
唐山师范学院图书馆 欢迎您!
大连网信软件有限公司© 版权所有